00829nam a22002537a 45000010005000000030006000050050017000110080041000280200018000690400029000870500013001160820010001291000018001392450076001572500041002332600034002743000023003085050007003315200142003385210018004805210018004986500021005166500038005376267FISKH20250407152309.0250407b cb ||||| |||| 00| 0 eng d a9780545158909 aFISKHbengcFISKHdFISKH aPZ5.B487 a813.6 aMetzger, Lois aBite :bScary stories to sink your teeth into /cEdited by Lois Metzger aThis edition first published in 2009 aNew York :bScholastic,c2009 a115 pages :c20 cm aR  aCollects seven stories based on horror themes, including tales about werewolves, vampires, ghost dogs, and other creatures of the night. 8 a690 bLexile 8 aR bRaz-Plus  2VampiresaHorror 2Ghost story/paranormalaCJ Snyder